00662nam a2200205Ia 4500008004100000020001700041040001400058082002200072100001900094245003200113260004300145300001300188365002700201366000800228440002900236505002000265620010700285630003200392730003200424100315s9999 xx 000 0 und d a8173141134  cENGLISH  b5130 a381.142  a"Rowan, Will " aThe E - Commerce Pocketbook aNew Delhi bResearch Press  c2003  a121p.   eRupees d1 b40.00  f0  aManagement PocketBooks  gTushar Jadhav  a"The Five Business Benefits of E-Commerce, New Thinking for Online Business,Managing Search Engines " aThe E - Commerce Pocketbook aThe E - Commerce Pocketbook